Catálogo
 En Linea

Entre mar y luna : (Registro nro. 57065)

Detalles MARC
000 -CABECERA
campo de control de longitud fija 01835nam a2200385 i 4500
003 - IDENTIFICADOR DEL NÚMERO DE CONTROL
campo de control DO-SdBNP
005 - FECHA Y HORA DE LA ÚLTIMA TRANSACCIÓN
campo de control 20250915110358.0
007 - CAMPO FIJO DE DESCRIPCIÓN FÍSICA--INFORMACIÓN GENERAL
campo de control de longitud fija ta
008 - DATOS DE LONGITUD FIJA--INFORMACIÓN GENERAL
campo de control de longitud fija 240628s2024 dr aco 001 j spa d
020 ## - NÚMERO INTERNACIONAL ESTÁNDAR DEL LIBRO
Número Internacional Estándar del Libro 9789945223040
040 ## - FUENTE DE LA CATALOGACIÓN
Centro catalogador/agencia de origen DO-SdBNP
Lengua de catalogación spa
Centro/agencia transcriptor BNPHU
Normas de descripción rda
041 ## - CÓDIGO DE LENGUA
Código de lengua del texto/banda sonora o título independiente spa
Código de lengua del texto cantado o hablado eng
082 ## - NÚMERO DE LA CLASIFICACIÓN DECIMAL DEWEY
Número de clasificación xxx
Número de documento/Ítem P328
Número de edición 22
100 1# - ENTRADA PRINCIPAL--NOMBRE DE PERSONA
Nombre de persona Paulino Honrado, María Luisa
Término indicativo de función/relación autora
9 (RLIN) 1837
Código de función/relación aut.
245 10 - MENCIÓN DE TÍTULO
Título Entre mar y luna :
Resto del título Existential dance /
Mención de responsabilidad, etc. María Luisa Paulino Honrado ; ilustraciones Jhan Santos, Yda Domínguez, Rafo Castillo ; Gravado Virginia Ayress ; pinturas Eliana Hernández Custodio ; retratos Luisa Paulino ; fotos Alejandro del Mar
264 #1 - PRODUCCIÓN, PUBLICACIÓN, DISTRIBUCIÓN, FABRICACIÓN Y COPYRIGHT
Producción, publicación, distribución, fabricación y copyright Santo Domingo :
Nombre del de productor, editor, distribuidor, fabricante Búho,
Fecha de producción, publicación, distribución, fabricación o copyright 2024.
300 ## - DESCRIPCIÓN FÍSICA
Extensión 63, 63 páginas,
Otras características físicas ilustraciones, retratos, fotografías
Dimensiones 20 cm.
336 ## - TIPO DE CONTENIDO
Término de tipo de contenido texto
Código de tipo de contenido txt
Fuente rdacontent
337 ## - TIPO DE MEDIO
Nombre/término del tipo de medio sin mediación
Código del tipo de medio n
Fuente rdamedia
338 ## - TIPO DE SOPORTE
Nombre/término del tipo de soporte volumen
Código del tipo de soporte nc
Fuente rdacarrier
500 ## - NOTA GENERAL
Nota general Dos obras encuadernadas juntas con paginación invertida.
500 ## - NOTA GENERAL
Nota general Incluye datos biografícos de la autora en las páginas 63 (que están invertidas), una en español y otra en ingles.
500 ## - NOTA GENERAL
Nota general Libro en español e ingles.
520 ## - SUMARIO, ETC.
Sumario, etc. Entre mar y luna es un poemario testimonial en el que la autora realiza un intento de comprender su sentir y expresar lo entendido para por medio de él invitar a otras personas a ir en búsqueda de su liberación.
590 ## - NOTA LOCAL (RLIN)
Nota local Inventariado, 2024/ YL
700 ## - PUNTO DE ACCESO ADICIONAL--NOMBRE DE PERSONA
Nombre de persona Santos, Jhan
Término indicativo de función/relación ilustrador
9 (RLIN) 85886
Código de función/relación il.
700 ## - PUNTO DE ACCESO ADICIONAL--NOMBRE DE PERSONA
Nombre de persona Domínguez, Yda
Término indicativo de función/relación ilustraciones
9 (RLIN) 85887
700 ## - PUNTO DE ACCESO ADICIONAL--NOMBRE DE PERSONA
Nombre de persona Castillo, Rafo
Término indicativo de función/relación ilustraciones
9 (RLIN) 77188
700 ## - PUNTO DE ACCESO ADICIONAL--NOMBRE DE PERSONA
Nombre de persona Ayress, Virginia
Término indicativo de función/relación Gravado
9 (RLIN) 85888
700 ## - PUNTO DE ACCESO ADICIONAL--NOMBRE DE PERSONA
Nombre de persona Hernández Custodio, Eliana
Término indicativo de función/relación pinturas
9 (RLIN) 85889
700 ## - PUNTO DE ACCESO ADICIONAL--NOMBRE DE PERSONA
Nombre de persona Paulino, Luisa
Término indicativo de función/relación retratos
9 (RLIN) 85890
700 ## - PUNTO DE ACCESO ADICIONAL--NOMBRE DE PERSONA
Nombre de persona Mar, Alejandro del
Término indicativo de función/relación fotos
9 (RLIN) 85891
910 ## - DATOS DE OPCIÓN DEL USUARIO (OCLC)
Datos de opción del usuario YLockward
942 ## - ELEMENTOS DE PUNTO DE ACCESO ADICIONAL (KOHA)
Fuente del sistema de clasificación o colocación Dewey Decimal Classification
Tipo de ítem Koha Libro
Existencias
Estado de retiro Estado de pérdida Fuente del sistema de clasificación o colocación Restricciones de uso No para préstamo Código de colección Localización permanente Ubicación/localización actual Ubicación en estantería Fecha de adquisición Fuente de adquisición Total de préstamos Signatura topográfica completa Código de barras Fecha visto por última vez Precio válido a partir de Tipo de ítem Koha Número de copia
    Dewey Decimal Classification Excluido de préstamo   Patrimonio Dominicano Biblioteca Nacional Pedro Henríquez Ureña Biblioteca Nacional Pedro Henríquez Ureña En catalogación 15.05.2024 Deposito Legal   BNPHU PD P328 2024-3879 28.06.2024 28.06.2024 Libro  
    Dewey Decimal Classification Excluido de préstamo   Patrimonio Dominicano Biblioteca Nacional Pedro Henríquez Ureña Biblioteca Nacional Pedro Henríquez Ureña En catalogación 15.05.2024 Deposito Legal   BNPHU PD P328 2024-3880 28.06.2024 28.06.2024 Libro e. 2
    Dewey Decimal Classification Préstamo en sala   Dominicana de Servicio Biblioteca Nacional Pedro Henríquez Ureña Biblioteca Nacional Pedro Henríquez Ureña En catalogación 12.02.2025 Depósito Legal   BNPHU DS xxx P328 2025-1972 18.03.2025 18.03.2025 Libro e.3

Con tecnología Koha